|
|
|
|
| LEADER |
00000ny a22000003n 4500 |
| 005 |
2011062207397.0 |
| 008 |
091223s2005 po 000 0 eng d |
| 020 |
|
|
|a 9789727491285
|
| 035 |
|
|
|a 1989
|
| 040 |
|
|
|a BUS
|d vLex
|
| 090 |
|
|
|c 1019
|d 1019
|
| 245 |
0 |
0 |
|a Legislaȯ́ Informt̀ica
|h [Recurso electrn̤ico]
|
| 256 |
|
|
|a Servicio en ln̕ea
|
| 260 |
|
|
|a Portugal :
|b Almeida & Leitó,
|c 2005
|
| 300 |
|
|
|a p. ;
|c cm
|
| 506 |
1 |
|
|a Contenido solo disponible en los productos indicados
|d vLex Global
|d vLex Global (Academic Edition, excluding Law Schools)
|d vLex Global (U.S. Academic Edition, Law Schools)
|d vLex Global (U.S. Academic Edition, excluding Law Schools)
|d vLex Global (Academic Edition, Law Schools)
|
| 650 |
0 |
4 |
|a Informt̀ica
|x Derecho
|
| 740 |
0 |
|
|a vLex Libros (Servicios en ln̕ea)
|
| 856 |
4 |
0 |
|u http://vlex.com/source/1989
|z Acceso restringido
|
| 942 |
|
|
|c BOOK
|